[Event "Olympiad-45"]
[Site "Budapest"]
[Date "2024.09.16"]
[Round "6.50"]
[White "Asllani, Muhamet"]
[Black "Pg Shahridin, Ak Abdul Wafie"]
[Result "0-1"]
[WhiteElo "2191"]
[BlackElo "1912"]
[PlyCount "58"]
[EventDate "2024.09.11"]
[EventType "team-swiss"]
[EventRounds "11"]
[EventCountry "HUN"]
[SourceTitle "EXT 2025"]
[Source "ChessBase"]
[SourceDate "2024.10.14"]
[SourceVersion "1"]
[SourceVersionDate "2024.10.14"]
[SourceQuality "1"]
[WhiteTeam "Kosovo"]
[BlackTeam "Brunei Darussalam"]
[WhiteTeamCountry "KOS"]
[BlackTeamCountry "BRN"]

1. d4 f5 2. c4 e6 3. a3 Nf6 4. g3 Be7 5. Bg2 0-0 6. Nc3 d6 7. Nh3 e5 8. dxe5 dxe5 9. Nd5 c6 10. Nxe7+ Qxe7 11. 0-0 Be6 12. Qc2 h6 13. b3 g5 14. f4 gxf4 15. gxf4 e4 16. e3 Kh7 17. Bb2 Ng4 18. Qc3 Rg8 19. Nf2 Nd7 20. Nxe4 Rg6 21. h3 Ngf6 22. Nxf6+ Nxf6 23. Kh2 Rag8 24. Bf3 Ne4 25. Qc2 Qh4 26. Rg1 Rxg1 27. Rxg1 Rxg1 28. Bg2 Qe1 29. Bd4 Rh1+ 0-1

[Event "Olympiad-45"]
[Site "Budapest"]
[Date "2024.09.14"]
[Round "4.73"]
[White "Pg Shahridin, Ak Abdul Wafie"]
[Black "Terubea, Ronald"]
[Result "0-1"]
[WhiteElo "1912"]
[BlackElo "1836"]
[PlyCount "110"]
[EventDate "2024.09.11"]
[EventType "team-swiss"]
[EventRounds "11"]
[EventCountry "HUN"]
[SourceTitle "EXT 2025"]
[Source "ChessBase"]
[SourceDate "2024.10.14"]
[SourceVersion "1"]
[SourceVersionDate "2024.10.14"]
[SourceQuality "1"]
[WhiteTeam "Brunei Darussalam"]
[BlackTeam "Fiji"]
[WhiteTeamCountry "BRN"]
[BlackTeamCountry "FIJ"]

1. c4 e5 2. Nc3 Nf6 3. e4 Bc5 4. g3 d6 5. h3 Nc6 6. Bg2 Bd7 7. Nge2 h6 8. 0-0 0-0 9. d3 Nh7 10. Be3 Nd4 11. Bxd4 Bxd4 12. Nxd4 exd4 13. Ne2 c5 14. b4 b6 15. b5 Rc8 16. Qd2 f5 17. Nf4 g5 18. Nd5 f4 19. Qe2 Nf6 20. e5 Re8 21. Nxf6+ Qxf6 22. exf6 Rxe2 23. Bf3 Re5 24. Bh5 Rf8 25. f7+ Kg7 26. Rae1 Be6 27. gxf4 gxf4 28. Rxe5 dxe5 29. Kg2 Kf6 30. Kf3 Bf5 31. Rd1 Kg5 32. Bg4 Rxf7 33. Rg1 Bxd3 34. Be6+ Kf6 35. Bxf7 Kxf7 36. h4 Bg6 37. h5 Bxh5+ 38. Ke4 Kf6 39. Kd3 Bg6+ 40. Kd2 e4 41. a4 e3+ 42. fxe3 fxe3+ 43. Ke2 Kf5 44. a5 bxa5 45. Rh1 h5 46. Kf3 Ke5 47. Rg1 Be4+ 48. Ke2 Kf4 49. Rf1+ Kg3 50. Rf7 h4 51. Rg7+ Kf4 52. Rf7+ Bf5 53. Rxa7 d3+ 54. Kf1 d2 55. Ke2 Bg4+ 0-1